Logoterapia : apelación a la vida como tarea: reflexiones logoterapéuticas con el hombre de la calle /

I tiakina i:
Ngā taipitopito rārangi puna kōrero
Kaituhi matua: Bretones, Francisco (autor)
Hōputu: Pukapuka
Reo:Pāniora
I whakaputaina: Buenos Aires, Argentina : San Pablo, 1998, c1998
Rangatū:(Noesis ; 13)
Ngā marau:
Ngā Tūtohu: Tāpirihia he Tūtohu
Kāore He Tūtohu, Me noho koe te mea tuatahi ki te tūtohu i tēnei pūkete!

MARC

LEADER 00000nam^a2200000^a^4500
001 000157610
005 20250521000000.0
009 20260310100546.014
020 |a 950-861-379-3 
037 |a Acervo ITESO - Biblioteca 
041 |a ESP 
082 |a 616. 89147  |b BRE 
100 |a Bretones, Francisco  |e (autor) 
245 1 0 |a Logoterapia :  |b apelación a la vida como tarea: reflexiones logoterapéuticas con el hombre de la calle /  |c F. Bretones ; presen. de Omar Lazarte. 
264 4 |a Buenos Aires, Argentina :  |b San Pablo,  |c 1998, c1998 
300 |a 176 p. 
336 |a texto  |b txt  |2 rdacontenido 
337 |a sin mediación  |b n  |2 rdamedio 
338 |a volumen  |b nc  |2 rdasoporte 
440 1 |a (Noesis ; 13) 
649 |a XX 
650 |a Logoterapia 
650 |a Psicoterapia Existencial 
650 |a Psicopatología 
650 |a Trastornos Psicosomáticos 
650 |a Psicoterapia 
650 |a Psicología Clínica 
910 |a Fondo General 
920 |a Impresos - Libros 
930 |a Colección General 
905 |a 101 
901 |a 0500087081  |b IT1  |c ACC  |u 20250521 
902 |a https://opac.biblio.iteso.mx/vufind/Record/000157610